| 000 | 00482nam a2200157 a 4500 | ||
|---|---|---|---|
| 001 | 3959 | ||
| 003 | CDMR | ||
| 005 | 20151016124801.0 | ||
| 008 | 130130s1988||||||||||||||||||||||||||||d | ||
| 040 |
_aCDMR _bcat _cCDMR |
||
| 245 | 0 | 0 | _aAnuari de la Informació de Catalunya 1988 |
| 260 |
_aBarcelona _c1988 _bCol·legi de Periodistes de Catalunya |
||
| 650 | 0 | 4 |
_93923 _aMitjans de comunicació de massa _vDirectoris |
| 710 | 2 |
_9133 _aCol·legi de Periodistes de Catalunya |
|
| 942 |
_cMON _2udc |
||
| 999 |
_c3959 _d3959 |
||